| 000 | 00959cas a22002777a 4500 | ||
|---|---|---|---|
| 005 | 20220329142313.0 | ||
| 008 | 000525u1984 mx qr pernn 0 b1spa d | ||
| 010 | _a81324 | ||
| 011 | _a82296 | ||
| 035 | _a92785 | ||
| 245 | 0 | 0 |
_aContactos _c/por Universidad Autónoma Metropolitana. Unidad Iztapalapa |
| 260 | 0 |
_aMéxico, D. F. : _bUniversidad Autónoma Metropolitana. Unidad Iztapalapa, _c1984- |
|
| 300 | _av. | ||
| 310 | _aTrimestral | ||
| 362 | _av.4 n.1, 1989. | ||
| 500 | _aSe dejó de recibir a partir del v.4 n.4 de 1989. | ||
| 590 |
_aBATCH-UPD _b10 _c20130110 _lUCH01 _h0406 |
||
| 590 |
_aBATCH-UPD _b10 _c20130410 _lUCH01 _h0040 |
||
| 590 |
_aBATCH-UPD _b10 _c20130914 _lUCH01 _h1639 |
||
| 590 |
_aCONVERSION _b10 _c20130109 _lUCH01 _h1345 |
||
| 650 | 1 | 4 |
_aIngeniería _xPublicaciones periódicas. _958192 |
| 866 | _av.1 n.1-v.2 n.7 (1984-1985) | ||
| 866 | _av.3 n.1-v.4 n.4 (1987-1989) | ||
| 901 | _aSE | ||
| 905 | _aLilia Sánchez G. | ||
| 999 |
_c81324 _d81324 |
||